01219nam a22003617a 4500001001000000003000500010005001700015008004100032010001000073011001000083035001000093040000900103082001400112110006700126245003100193260003400224300002100258490002600279590004100305590004100346590004100387590004100428590004200469590004100511650004600552650005600598830003300654901000700687942001000694942000600704999001700710952013000727000020376CHAP20220329134347.0971013s1965 r 00010 d a19335 a20307 a24395 cCHAP a022.9bA5 aAmerican Library Association. Library Technology Project95259 0aCatalog card reproduction. aChicago :bGeorge Fry,c1965. a81 p. :b: ilus. aLTP publicationsv; 9 aBATCH-UPDb10c20130110lUCH01h0030 aBATCH-UPDb10c20130110lUCH01h2151 aBATCH-UPDb10c20130409lUCH01h2012 aBATCH-UPDb10c20130914lUCH01h0622 aCONVERSIONb10c20130109lUCH01h1312 aE11695DGDb10c20150804lUCH01h091514aBibliotecasxMuebles, equipo, etc.91252414aReproducción (Materiales bibliográficos)9960350 aLTP publicationsv; 9968832 aBK cLIBRO n0 c19335d19335 00104053708BaBCbBCcPA_BIBd2019-12-31fLIBROi127l0o022.9 A5p33724002497975r2019-12-31 00:00:00w2019-12-31yLIBRO